C++ neural networks and fuzzy logic / (Record no. 38248)
[ view plain ]
| 000 -LEADER | |
|---|---|
| fixed length control field | 00935pam a2200289 a 4500 |
| 001 - CONTROL NUMBER | |
| control field | 38248 |
| 003 - CONTROL NUMBER IDENTIFIER | |
| rucl marc code | (BD-RjUL) |
| 005 - DATE AND TIME OF LATEST TRANSACTION | |
| control field | 20211209052746.0 |
| 008 - FIXED-LENGTH DATA ELEMENTS--GENERAL INFORMATION | |
| fixed length control field | 950818s1995 nyua b 001 0 eng |
| 020 ## - INTERNATIONAL STANDARD BOOK NUMBER | |
| International Standard Book Number | 8170296943 |
| 035 ## - SYSTEM CONTROL NUMBER | |
| System control number | (BD-RjUL) |
| 040 ## - CATALOGING SOURCE | |
| Original cataloging agency | DLC |
| Transcribing agency | (BD-RjUL) |
| Modifying agency | DLC |
| 082 00 - DEWEY DECIMAL CLASSIFICATION NUMBER | |
| Classification number | 006.3 |
| Edition number | 20 |
| Author mark and year | RAC 1996 |
| 100 1# - MAIN ENTRY--PERSONAL NAME | |
| Personal name | Rao, Valluru. |
| 9 (RLIN) | 118249 |
| 245 10 - TITLE STATEMENT | |
| Title | C++ neural networks and fuzzy logic / |
| Statement of responsibility, etc. | Valluru Rao & Hayagriva Rao. |
| 246 14 - VARYING FORM OF TITLE | |
| Title proper/short title | C++ neural networks & fuzzy logic |
| 250 ## - EDITION STATEMENT | |
| Edition statement | 2nd ed. |
| 260 ## - PUBLICATION, DISTRIBUTION, ETC. (IMPRINT) | |
| Place of publication, distribution, etc. | New Delhi, india : |
| Name of publisher, distributor, etc. | BPB Publications, |
| Date of publication, distribution, etc. | c1995 [reprint 1996]. |
| 300 ## - PHYSICAL DESCRIPTION | |
| Pagination | xxiv, 551 p. : |
| Illustrations | ill. ; |
| Size | 24 cm. |
| 504 ## - BIBLIOGRAPHY, ETC. NOTE | |
| Bibliography, etc | Includes bibliographical references and index. |
| 650 #0 - SUBJECT ADDED ENTRY--TOPICAL TERM | |
| Topical term or geographic name as entry element | Neural networks (Computer science) |
| 9 (RLIN) | 118250 |
| Topical term or geographic name as entry element | Fuzzy systems. |
| 9 (RLIN) | 118251 |
| Topical term or geographic name as entry element | C++ (Computer program language) |
| 9 (RLIN) | 117104 |
| 700 1# - ADDED ENTRY--PERSONAL NAME | |
| Personal name | Rao, Hayagriva V. |
| 942 ## - ADDED ENTRY ELEMENTS (KOHA) | |
| Source of classification or shelving scheme | Dewey Decimal Classification |
| Koha item type | Books |
| Lost status | Source of classification or shelving scheme | Damaged status | Not for loan | Permanent Location | Current Location | Shelving location | Date acquired | Total Checkouts | Full call number | Date last seen | Copy number | Koha item type |
|---|---|---|---|---|---|---|---|---|---|---|---|---|
| Dewey Decimal Classification | Not For Loan | Department of Information and Communication Engineering (ICE) Library | Department of Information and Communication Engineering (ICE) Library | Seminar Library | 17/10/2015 | 006.3 RAC 1996 | 17/10/2015 | C.1 | Books |